000 00391nam a2200121Ia 4500
008 151001s9999||||xx |||||||||||||| ||und||
100 _aसुमन क्षेत्रमाडे
245 _aहिंदी कवयित्रियों के प्रेम गीत
250 _a1
260 _bहिंद पॉकेट बुक्स
300 _a108
365 _b16
999 _c960731
_d960728